| 000 | 00661nam a2200205Ia 4500 | ||
|---|---|---|---|
| 003 | GCL | ||
| 005 | 20240530104121.0 | ||
| 008 | 140319s9999 xx 000 0 ara d | ||
| 040 |
_aGCL / _cGCL |
||
| 082 | 0 | 4 |
_a154.6 _bش ن |
| 100 | 1 | _aالشركة الشرقية للمطبوعات | |
| 245 | 1 | 0 |
_aالنوم العميق : سبيل الحياة الهانئة / _cالشركة الشرقية للمطبوعات |
| 300 | _a96 ص | ||
| 490 |
_aسلسلة اسرتى _v0 |
||
| 650 | 0 | 4 | _aعلم النفس الفسيولوجى |
| 650 | 0 | 4 | _aالنوم |
| 650 | 0 | 4 | _aاضطرابات |
| 650 | 0 | 4 | _aالجوانب الفسيولوجية |
| 942 |
_2ddc _cBK |
||
| 999 |
_c44730 _d44730 |
||